000
00293nam a22001337a 4500
008
181121b xxu||||| |||| 00| 0 eng d
020
_a
9781435438897
041
_a
eng
080
_2
10 th
_a
610
100
_a
3
101
_a
SHM
245
_a
Medical Terminology
_c
Jean.T
942
_2
udc
_c
BK
999
_c
52255
_d
52255